Statistics for I.Q Quiz

Click here to take the quiz!

General Stats

  • This quiz has been taken 480 times
    (456 since last reset)
  • The average score is 5 of 10

Answer Stats

HintAnswer% Correct
Name the biggest country.Russia
95%
Name the smallest country.Vatican
78%
Where is Mt Everest?Nepal
76%
What is the full form of UFO?Unidentified Flying Object
76%
What is the symbol of white flag?Surrender
69%
Which country has the highest number of lake?Canada
50%
Who was the first european to travel to china?Marco Polo
38%
Which country produce higest amount of wool?Australia
33%
Famous song of the world.Happy Birthday To You
4%
Which is the biggest thing made from gold?Statue of Gautam Buddha
1%

Score Distribution

Percentile by Number Answered

Percent of People with Each Score

Your Score History

You have not taken this quiz since the last reset